00510nam a2200133 a 4500008004100000050002100041110005900062245014400121260003800265350000900303500002500312650001200337650002700349100205s1977 ||||||||||||||||| || u aGOV.ZAM(08)WP/13 aGovernment of the Republic of Zambia. Local Government10aObservations of a mutual help scheme in desai (George complex): mutual help case study No. 2cBy the Lusaka Housing Project Evaluation Team aLusaka:bGovernment Printerc1977 a0.00 aWorking Paper No. 13 aHOUSING aPUBLIC HOUSING--ZAMBIA